• 首页
  • 本馆介绍
  • 公告通知
  • 最新文献
  • 馆藏检索
  • 电子资源
  • 读者导购
  • 参考咨询
  • 我的图书馆
  • 登录
  • 详细信息显示
  • 放入我的书架
  • 预约/预借图书
  • 作者相关作品
  • 分类相关作品
  • 丛书相关作品
  • 出版社相关作品

书目信息

  • 表格格式
  • 工作单格式
  • 卡片格式
题名:
乡村生活的道德文化智慧
    
 
作者: 毕世响 著
分册:  
出版信息: 长春   吉林人民出版社  2005
页数: 22,406页
开本: 21cm
丛书名:
单 册:
中图分类: D422.62
科图分类:
主题词: 农村--道德修养 , 农村 , 道德修养
电子资源:
ISBN: 7-206-04188-4
000 00921nam0 2200277 45
001 012006012120
005 20070709150958.07
010    @a7-206-04188-4@dCNY26.80
092    @aCN@b485608
100    @a20060121d2005 em y0chiy0110 ea
101 0  @achi
102    @aCN@b220000
105    @aa z 000yy
200 1  @a乡村生活的道德文化智慧@Axiang cun sheng huo de dao de wen hua zhi hui@f毕世响著@Fbi shi xiang zhu
205    @a2版
210    @a长春@c吉林人民出版社@d2005
215    @a22,406页@c照片@d21cm
330    @a本书是对农业文明的乡村生活场景的描述。反映了我国社会正处在由农业社会向工业社会转变和由农业社会、工业社会向信息社会转变的过程等多方面内容。
517 1  @a生活道德教育@Asheng huo dao de jiao yu
606 0  @a农村@x道德修养
606 0  @a农村
606 0  @a道德修养
690    @aD422.62@v4
701  0 @a毕世响@Abi shi xiang@4著
801  0 @aCN@bLZJBOOK@c20070709
905    @a10447@dD422.62@e4=2
    
    乡村生活的道德文化智慧/毕世响著.-2版.-长春:吉林人民出版社,2005
    22,406页:照片;21cm
    
    
    ISBN 7-206-04188-4:CNY26.80
    本书是对农业文明的乡村生活场景的描述。反映了我国社会正处在由农业社会向工业社会转变和由农业社会、工业社会向信息社会转变的过程等多方面内容。
●
相关链接 在E读中查询图书 在五车中查询图书 在当当中查询图书 在豆瓣中查询图书


正题名:乡村生活的道德文化智慧     索取号:D422.62/4=2         预约/预借

序号 登录号 条形码 馆藏地/架位号 状态 备注
1 0565404   205654040   第一样本阅览室/ [索取号:D422.62/4=2] 在馆    
2 0565405   205654059   第一借阅区/ [索取号:D422.62/4=2] 在馆    
3 0565406   205654068   第一借阅区/ [索取号:D422.62/4=2] 在馆    
4 0565407   205654077   第一借阅区/ [索取号:D422.62/4=2] 在馆    
5 0565408   205654086   第一借阅区/ [索取号:D422.62/4=2] 在馆    
6 0565409   205654095   第一借阅区/ [索取号:D422.62/4=2] 在馆    
唐山师范学院图书馆 欢迎您!
大连网信软件有限公司© 版权所有